[Event "GEO-ch (Women) 1st League 78th"]
[Site "Tbilisi"]
[Date "2021.03.25"]
[Round "8"]
[White "Gvatua, Mariam"]
[Black "Sordia, Marta"]
[Result "1-0"]
[WhiteElo "1343"]
[BlackElo "1226"]
[PlyCount "65"]
[EventDate "2021.03.18"]
[EventType "swiss"]
[EventRounds "9"]
[EventCountry "GEO"]
[SourceTitle "CBM 201 Extra"]
[Source "ChessBase"]
[SourceDate "2021.05.31"]
[SourceVersion "1"]
[SourceVersionDate "2021.05.31"]
[SourceQuality "1"]

1. d4 d5 2. c4 e6 3. Nf3 Nf6 4. g3 Bb4+ 5. Bd2 Qe7 6. Nc3 0-0 7. Bg2 c6 8. cxd5 exd5 9. 0-0 Bf5 10. Re1 Ne4 11. Nxe4 Bxe4 12. Qb3 Na6 13. a3 Bxd2 14. Nxd2 c5 15. Nxe4 dxe4 16. d5 b6 17. Rad1 Rad8 18. Qc4 Nc7 19. Qxe4 Qd6 20. Qa4 a6 21. e4 b5 22. Qc2 f6 23. Rc1 c4 24. a4 Rc8 25. Bh3 Rce8 26. axb5 axb5 27. b3 f5 28. Bxf5 cxb3 29. Qxb3 g6 30. Bh3 Kg7 31. Qc3+ Qf6 32. Qxf6+ Rxf6 33. Rxc7+ 1-0